| 000 | 04369nam a22003377a 4500 | ||
|---|---|---|---|
| 001 | TIGAL 0013 | ||
| 003 | gtcocun | ||
| 005 | 20250923163547.0 | ||
| 006 | a||||gr|||| 00| 0 | ||
| 007 | ta | ||
| 008 | 250923b2018 gt ||||| m||| 00| 0 eng d | ||
| 040 |
_agtcocun _bSPA _cgtcocun _eRDA |
||
| 041 | _aSPA TIGAL 0013 | ||
| 084 | _0TIGAL 0013 | ||
| 100 |
_aMendoza Barrientos, María Fernanda _eAutor |
||
| 245 |
_aINFORME FINAL DEL EJERCICIO PROFESIONAL SUPERVISADO, REALIZADO EN GOBERNACIÓN DEPARTAMENTAL DE ALTA VERAPAZ/ _cMaría Fernanda Mendoza Barrientos. _hImpreso |
||
| 264 |
_aCobán, Alta Verapaz: _bUniversidad de San Carlos de Guatemala, Centro Universitario del Norte, Carrera de Ingeniería en Gestión Ambiental Local _c2018 |
||
| 300 |
_a149 p.: _bIlustraciones, gráficas. _c28 cm; |
||
| 300 | _cPDF | ||
| 336 |
_2rdacontenido _aTexto _btxt |
||
| 337 |
_2rdamedio _aComputadora _bn |
||
| 338 |
_2rdasoporte _aCódigo en línea _bcr |
||
| 502 | _eTIGAL 0013 | ||
| 502 |
_aTesis de grado _bCarrera de Ingeniería en Gestión Ambiental Local, _cUniversidad de San Carlos de Guatemala, Centro Universitario del Norte, Carrera de Ingeniería en Gestión Ambiental Local _d2018 _oTIGAL 0013 |
||
| 520 | 1 | 4 | _aEl Ejercicio Profesional Supervisado se realizó bajo la dirección del Centro Universitario del Norte y del programa Ejercicio Profesional Supervisado Multidisciplinario. El presente informe contiene, de manera detallada, la ejecución de actividades realizadas en Gobernación Departamental de Alta Verapaz, dividiéndose los ocho meses correspondientes en las siguientes etapas: comunitaria, institucional e investigación inferencial. Por medio de la unidad de práctica Gobernación Departamental de Alta Verapaz se definió el caserío la Quebrada Sachikaq como área de intervención, donde inicialmente se desarrolló la fase diagnóstica, en esta etapa se identificaron los problemas ambientales que requerían de un plan de acción y alternativas viables, fue así como se planificó el proyecto denominado Fortalecimiento de la percepción ambiental para contribuir con la conservación de los recursos naturales del caserío la Quebrada Sachikaq. La etapa comunitaria integra la intervención del equipo multidisciplinario en la microrregión IV periurbana Este de San José la Colonia, en esta localidad se abordaron dos proyectos con los ejes de intervención educación ambiental y organización comunitaria, la integración de las disciplinas optimizó las alternativas de solución para el panorama rural. El último capítulo corresponde a la investigación inferencial, ésta se desarrolló en la ciudad de Cobán Alta Verapaz como respuesta ante la contaminación atmosférica, se enfocó en la medición de concentración de monóxido de carbono generado por el sector transporte. Donde se obtuvo registros de datos en los horarios con alta carga vehicular durante un período de tres meses, siendo estos diciembre 2017, enero 2018 y febrero 2018 en los siguientes puntos designados de manera preliminar: Puente Chiú, Puente El Arco, Escuela Felipa Gómez, Instituto Emilio Rosales Ponce, Mercado Cantonal, Plaza Magdalena, Escuela de Enfermería, Parque Nacional Las Victorias y Colegio Imperial. El registro de valores máximo, mínimo y promedio de concentración de monóxido de carbono se expresan bajo la dimensional parte por millón, se utilizó el equipo móvil Toxi Rae Pro, definiendo de manera numérica rangos de concentración de 0 ppm a 311 ppm en los puntos de medición mencionados, cada uno de estos lugares mostró variabilidad en cada medición: mañana, medio día y tarde. Los valores promedio de concentración se encuentran por debajo de 35 ppm, lo que corresponde a definir que no crea daños severos a la salud del ser humano; según el valor crítico de la Agencia de Protección Ambiental de Estados Unidos. |
| 650 | 1 | 4 |
_2LEMB _aCobán, Alta Verapaz _xIngeniería en Gestión Ambiental Local _xFase diagnóstica _xEjecución _xInforme _xRecursos naturales _xEducación ambiental |
| 700 |
_aIng. Julio Oswaldo Méndez Morales _eAsesor |
||
| 856 |
_uhttps://drive.google.com/file/d/1bQx_eB91ScN8t6Yd-SqHp1aNi9Sq1RK4/view _yPDF _zUn ejemplar en línea. |
||
| 942 |
_2ddc _cTES _iTIGAL 0013 _kClasificación _n0 _6TIGAL_0013_000000000000000 |
||
| 999 |
_c2076 _d2076 |
||